000 01137nam a2200349 a 4500
001 000110341
003 CHAP
005 20220329144128.0
008 140819s2013 mx ad |r| |||0|||spa d
010 _a106803
011 _a107775
020 _a9786075072852
040 _cCHAP
082 0 4 _a660.6
_bP85
100 1 _aPortillo Martínez, Liberato.
_991001
245 1 0 _aBiotecnología de Zonas áridas /
_cpor Liberato Portillo, Ana Lilia Vigueras y Rafael Soltero.
260 _aJalisco, México :
_bUniversidad de Guadalajara,
_c2013.
300 _a108 p. :
_bil., Gráfs.
590 _aBATCH-UPD
_b05
_c20150728
_lUCH01
_h1003
590 _aBATCH-UPD
_b05
_c20150728
_lUCH01
_h1142
590 _aE5652GLJ
_b05
_c20140819
_lUCH01
_h1314
650 1 4 _aAgave
_xGermoplasma.
_9127830
650 1 4 _aBiotecnología vegetal.
_912892
650 1 4 _aCactáceas
_xPropagación.
_917013
650 1 4 _aRecursos genéticos vegetales.
_995086
650 1 4 _aRegiones áridas
_xInvestigación.
_995686
700 1 _aSoltero, Rafael
_9127820
700 1 _aVigueras Guzmán, Ana Lilia.
_9119326
901 _aBK
942 _cLIBRO
942 _n0
999 _c106803
_d106803